Eric liddell : (Record no. 13828)

000 -LEADER
fixed length control field 00629nam a2200181 4500
020 ## - ISBN
ISBN 9789710097197
082 ## - DEWEY DECIMAL CLASSIFICATION NUMBER
Classification number Fil. 248.4 W6645g 2017
100 ## - MAIN ENTRY--PERSONAL NAME
Personal name Wong, Jojie
245 ## - TITLE STATEMENT
Title Eric liddell :
Remainder of title god over gold /
Statement of responsibility, etc. written by Jojie Wong ; illustrated by Jether Omar
260 ## - PUBLICATION, DISTRIBUTION, ETC. (IMPRINT)
Place of publication, distribution, etc. Metro Manila
Name of publisher, distributor, etc. OMF Literature Inc.
Date of publication, distribution, etc. c2017
300 ## - PHYSICAL DESCRIPTION
Extent/Page number 31 pages :
Other physical details chiefly colored illustrations ;
Dimensions 22.5 x 17 cm
526 ## - STUDY PROGRAM INFORMATION NOTE
PROGRAM TYPE Religion (men’s faith)
SUB-PROGRAM TYPE Bible
650 ## - SUBJECT ADDED ENTRY--TOPICAL TERM
Topical term or geographic name as entry element Christian athletes
650 ## - SUBJECT ADDED ENTRY--TOPICAL TERM
Topical term or geographic name as entry element Christian life -- Juvenile literature
650 ## - SUBJECT ADDED ENTRY--TOPICAL TERM
Topical term or geographic name as entry element Children's stories, Philippine (English)
650 ## - SUBJECT ADDED ENTRY--TOPICAL TERM
Topical term or geographic name as entry element Children's stories, Tagalog
942 ## - ADDED ENTRY ELEMENTS
Classification
Item type Book
Holdings
Withdrawn status Lost status Source of classification or shelving scheme Damaged status Not for loan Collection code Permanent Location Current Location Shelving location Date acquired Source of acquisition Cost, normal purchase price Full call number Barcode Date last seen Cost, replacement price Price effective from Item type
          Filipiniana Grade School Library Grade School Library Filipiniana 2026-02-04 MIBF 150.00 Fil. 248.4 W6645g 2017 GS5737 2026-02-04 300.00 2026-02-04 Book